ბათუმის შოთა რუსთაველის სახელმწიფო უნივერსიტეტის ბიბლიოთეკა

ნადირობა ცხვარზე : (ბიბ.ჩანაწერი № 63749)

000 -ლიდერი
ფიქსირებული სიგრძის საკონტროლო ველი 01259nam a22002177a 4500
003 - საკონტროლო ნომრის იდენტიფიკატორი
საკონტროლო ველი Ge_BSU
005 - ბოლო ოპერაციის თარიღი და დრო
საკონტროლო ველი 20251219204036.0
008 - ფიქსირებული სიგრძის მონაცემთა ელემენტები - ზოგადი ინფორმაცია
ფიქსირებული სიგრძის საკონტროლო ველი 251219s2024 ge ||||| |||| 00| 0 geo d
020 ## - წიგნის საერთაშორისო სტანდარტული ნომერი
International Standard Book Number 9789941375507
041 ## - ენის კოდი
Language code of text/sound track or separate title geo
080 ## - უნივერსალური ათობითი კლასიფიკაციის ინდექსი
Universal Decimal Classification number 821.521-31 მ-91
100 ## - მთავარი ჩანაწერი - პიროვნების სახელი
Personal name მურაკამი, ჰარუკი
9 (RLIN) 26575
245 ## - ცნობა სათაურის შესახებ
Title ნადირობა ცხვარზე :
Remainder of title [რომანი] /
Statement of responsibility, etc ჰარუკი მურაკამი; თარგმნა ირაკლი ბერიაშვილმა; რედაქტორი ელენე ბერიაშვილი; ქართული გამოცემის დიზაინი ია მახათაძე.
264 ## - წარმოების, გამოცემის, დისტრიბუციის და სხვა ცნობები
გამოცემის, წარმოების, დისტრიბუციის... ადგილი თბილისი :
გამოცემის, წარმოების, დისტრიბუციის... სახელწოდება სულაკაური,
გამოცემის, წარმოების, დისტრიბუციის... თარიღი 2024.
300 ## - ფიზიკური აღწერა
Extent 364 გვ. ;
Other physical details 22 სმ.
500 ## - ზოგადი შენიშვნა
General note ყდაზე: ნაკამურა კიოკოს ილუსტრაცია.
700 ## - ADDED ENTRY--PERSONAL NAME
Personal name ბერიაშვილი, ირაკლი
Relator term მთარგმნელი
9 (RLIN) 26576
700 ## - ADDED ENTRY--PERSONAL NAME
Personal name ბერიაშვილი, ელენე
Relator term რედაქტორი
9 (RLIN) 26577
700 ## - ADDED ENTRY--PERSONAL NAME
Personal name მახათაძე, ია
Relator term დიზაინერი
9 (RLIN) 5299
942 ## - ADDED ENTRY ELEMENTS (KOHA)
Source of classification or shelving scheme
Koha item type წიგნი
ეგზემპლარები
ჩამოწერის სტატუსი დაკარგული ეგზემპლარის სტატუსი კლასიფიკაციის წყარო ან თაროზე გაწყობის სქემა დაზიანების სტატუსი არ გაიცემა მუდმივი მდებარეობა (დაცვის ადგილი) ამჟამინდელი ადგილსამყოფელი თაროზე განთავსების ადგილი შეძენის თარიღი ღირებულება, შესყიდვის ნორმალური ფასი სრული შენახვის შიფრი შტრიხკოდი ბოლო ოპერაციის თარიღი ეგზემპლარის მიმდევრობითი ნომერი (კეტერი?) ფასის ძალაში შესვლის თარიღი ეგზემპლარის სახეობა საჯარო შენიშვნა
          ბათუმის შოთა რუსთაველის სახელმწიფო უნივერსიტეტის მთავარი ბიბლიოთეკა ბათუმის შოთა რუსთაველის სახელმწიფო უნივერსიტეტის მთავარი ბიბლიოთეკა წიგნსაცავი 2025-12-19 14.00 821.521-31 მ-91 73312 2025-12-19 73312 2025-12-19 წიგნი 14 ლ.
          ბათუმის შოთა რუსთაველის სახელმწიფო უნივერსიტეტის მთავარი ბიბლიოთეკა ბათუმის შოთა რუსთაველის სახელმწიფო უნივერსიტეტის მთავარი ბიბლიოთეკა წიგნსაცავი 2025-12-19 14.00 821.521-31 მ-91 73311 2025-12-19 73311 2025-12-19 წიგნი 14 ლ.